| 000 | 00747nam a2200217 i 4500 | ||
|---|---|---|---|
| 001 | 108746 | ||
| 003 | ES-MaACL | ||
| 005 | 20230906184712.0 | ||
| 007 | t| | ||
| 008 | 061121s1929 fr r ||||1| spa d | ||
| 080 | _a821.134.2(866)-31"18" | ||
| 100 | 1 |
_aMontalvo, Juan. _982350 |
|
| 245 | 1 | 0 |
_aCapítulos que se le olvidaron a Cervantes : _bensayo de imitación de un libro inimitable / _cobra póstuma de Juan Montalvo. |
| 260 |
_aParís : _bGarnier, _c1929. |
||
| 300 |
_a2 v. ; _c21 cm. |
||
| 490 | 1 | _aBiblioteca de grandes autores americanos | |
| 650 | 4 |
_aDon Quijote (Personaje de ficción)- _vNovelas. _9158737 |
|
| 830 | 1 |
_aBiblioteca de grandes autores americanos _9185568 |
|
| 852 |
_aES-MaACL _jA-803-04 |
||
| 999 |
_c108746 _d108746 |
||